000
00337nam a2200157Ia 4500
100
_a
Festo
650
_a
festo
942
_c
RB
654
_a
modular pick
245
_a
Modular pick and place devices 053753
260
_b
Festo
_a
Bangalore
_c
2000
082
_a
629.8045/FES
_b
FES
300
_a
105
546
_a
ENGLISH
999
_c
33002
_d
33002